00615 2200217 4500001002100000005001500021035002000036007000300056008004100059020002200100082000800122084001400130100001800144245009800162260004200260300003100302650002000333700002000353990001200373990001200385INLIS00000000000267820190103120246 a0010-0119000030ta190103 a 0 ind  a978-602-455-233-6 a028 a028 STE s0 aSTELLA, Ernes1 aSaat Aku Besar Nanti :bAku Ingin Menjadi Akuntan /cStella Ernes; penyunting, Damar Sasongko aJakarta :bBhuana Ilmu Populer,c2017 a29 hlm. :bilus. ;c20 cm. aBUKU DAN BACAAN0 aDAMAR, Sasongko a16941 a a16941 b